<?xml version="1.0" encoding="UTF-8"?><?xml-stylesheet type="text/xsl" href="static/style.xsl"?><OAI-PMH xmlns="http://www.openarchives.org/OAI/2.0/" xmlns:xsi="http://www.w3.org/2001/XMLSchema-instance" xsi:schemaLocation="http://www.openarchives.org/OAI/2.0/ http://www.openarchives.org/OAI/2.0/OAI-PMH.xsd"><responseDate>2026-04-17T05:39:47Z</responseDate><request verb="GetRecord" identifier="oai:www.recercat.cat:10459.1/47889" metadataPrefix="marc">https://recercat.cat/oai/request</request><GetRecord><record><header><identifier>oai:recercat.cat:10459.1/47889</identifier><datestamp>2024-12-05T22:11:08Z</datestamp><setSpec>com_2072_3622</setSpec><setSpec>col_2072_479130</setSpec></header><metadata><record xmlns="http://www.loc.gov/MARC21/slim" xmlns:dcterms="http://purl.org/dc/terms/" xmlns:xsi="http://www.w3.org/2001/XMLSchema-instance" xmlns:doc="http://www.lyncode.com/xoai" xsi:schemaLocation="http://www.loc.gov/MARC21/slim http://www.loc.gov/standards/marcxml/schema/MARC21slim.xsd">
   <leader>00925njm 22002777a 4500</leader>
   <datafield ind2=" " ind1=" " tag="042">
      <subfield code="a">dc</subfield>
   </datafield>
   <datafield ind2=" " ind1=" " tag="720">
      <subfield code="a">Zsembinszki, Gabriel</subfield>
      <subfield code="e">author</subfield>
   </datafield>
   <datafield ind2=" " ind1=" " tag="720">
      <subfield code="a">Moreno Argilés, Pere</subfield>
      <subfield code="e">author</subfield>
   </datafield>
   <datafield ind2=" " ind1=" " tag="720">
      <subfield code="a">Solé Cutrona, Cristian</subfield>
      <subfield code="e">author</subfield>
   </datafield>
   <datafield ind2=" " ind1=" " tag="720">
      <subfield code="a">Castell, Albert</subfield>
      <subfield code="e">author</subfield>
   </datafield>
   <datafield ind2=" " ind1=" " tag="720">
      <subfield code="a">Cabeza, Luisa F.</subfield>
      <subfield code="e">author</subfield>
   </datafield>
   <datafield ind2=" " ind1=" " tag="260">
      <subfield code="c">2015-02-09T08:09:04Z</subfield>
   </datafield>
   <datafield ind2=" " ind1=" " tag="260">
      <subfield code="c">2014</subfield>
   </datafield>
   <datafield ind2=" " ind1=" " tag="520">
      <subfield code="a">Thermal energy storage (TES) tanks for cold storage can be used for peak load shaving. This paper&#xd;
presents and evaluates a mathematical model where a TES tank is filled with commercial phase change&#xd;
material (PCM) flat slabs. The 2D model is used for simulating the outlet temperature of the heat transfer&#xd;
fluid, and also the heat transfer rate during the discharging process. The study includes the use of an&#xd;
approximation of the PCM specific heat (cPCM;old) which corresponds to the parameter calculated in the&#xd;
previous iteration of the implicit finite difference method. Thus, an evaluation of the different model&#xd;
parameters is performed, based on the comparison between the computational time and accuracy of the&#xd;
different simulations. Moreover, the uncertainties in different input variables are also analysed in order&#xd;
to find out which variable should be known more accurately. The results show that using the approximated&#xd;
parameter cPCM;old is a good solution for reducing the computational time despite a slight error&#xd;
increase in the case of using small time step in the simulation. Moreover, the inlet HTF temperature, and&#xd;
melting temperature, density and specific heat of the PCM are the main parameters to take into account&#xd;
in terms of uncertainty variables evaluation.</subfield>
   </datafield>
   <datafield ind2=" " ind1=" " tag="520">
      <subfield code="a">The research leading to these results has received funding from&#xd;
the [EuropeanCommunity’s] Seventh Framework Programme([FP7/&#xd;
2007-2013] [FP7/2007-2011])under grant agreementn_262285.The&#xd;
work was partially funded by the Spanish Government (ENE2011-&#xd;
22722, ENE2011-28269-C03-01 and ULLE10-4E-1305). The authors&#xd;
would like to thank the Catalan Government for the quality accreditation&#xd;
given to their research group (2009 SFR 534).</subfield>
   </datafield>
   <datafield ind1="8" ind2=" " tag="024">
      <subfield code="a">http://hdl.handle.net/10459.1/47889</subfield>
   </datafield>
   <datafield tag="653" ind2=" " ind1=" ">
      <subfield code="a">Phase change material</subfield>
   </datafield>
   <datafield tag="653" ind2=" " ind1=" ">
      <subfield code="a">Thermal energy storage</subfield>
   </datafield>
   <datafield tag="653" ind2=" " ind1=" ">
      <subfield code="a">Latent heat</subfield>
   </datafield>
   <datafield ind2="0" ind1="0" tag="245">
      <subfield code="a">Numerical model evaluation of a PCM cold storage tank and uncertainty analysis of the parameters</subfield>
   </datafield>
</record></metadata></record></GetRecord></OAI-PMH>